LIBRARY ONLINE CATALOGUE

An Assessment of the problems posed to financial institutions by money laundering / (Record no. 15495)

MARC details
000 -LEADER
fixed length control field 00472nam a22001572 4500
001 - CONTROL NUMBER
control field 0000024653
005 - DATE AND TIME OF LATEST TRANSACTION
control field 20151217161644.0
008 - FIXED-LENGTH DATA ELEMENTS--GENERAL INFORMATION
fixed length control field 140123s xx 000 0 eng d
040 ## - CATALOGING SOURCE
Original cataloging agency KABU
Transcribing agency KABU
100 1# - MAIN ENTRY--PERSONAL NAME
Personal name Tum, Susan Chepkemoi.
-- 0000185035
245 13 - TITLE STATEMENT
Title An Assessment of the problems posed to financial institutions by money laundering /
Statement of responsibility, etc. Susan Chepkemoi Tum.
260 ## - PUBLICATION, DISTRIBUTION, ETC. (IMPRINT)
Date of publication, distribution, etc. 2013.
908 ## - PUT COMMAND PARAMETER (RLIN)
Put command parameter 140123
950 ## - LOCAL HOLDINGS (RLIN)
-- 1
Holdings
Withdrawn status Lost status Source of classification or shelving scheme Not for loan Home library Current library Date acquired Total Checkouts Full call number Barcode Date last seen Date last checked out Price effective from Koha item type
    Library of Congress Classification   Kabarak, Main Campus Kabarak, Main Campus 17/12/2015 6 Law PRO23 14/11/2017 14/11/2017 17/12/2015 Thesis, Dissertation and Projecs